000 01113nam a22002652a 4500
001 000052376
005 20200120222724.0
008 990715s1996 ck grd 0 0 0 spa d
020 _a9589289096.
041 0 _aspa
043 _as-ck---
082 0 4 _aR 462
_bS27
_221
100 1 _aSerna M., J. Alberto,
_d1932-.
245 1 0 _aCómo enriquecer nuestro vocabulario mediante el estudio de las raíces latinas /
_cJ. Alberto Serna M.
260 _aSantafé de Bogotá :
_bIdioma,
_c1996.
300 _a883 p.
490 0 _aSerie de lexicografía, ortografía y redacción
_v8
500 _aLa obra de contenido más sencillo, más completo y pedagógico para las personas que desean dominar la ortografía y enriquecer su vocabulario.
500 _aEj. 1 de Biblioparque Funza : Colección proveniente de la antigua Biblioteca Municipal, Centro Cultural Bacatá, Funza (Cundinamarca).
504 _aIncluye Bibliografia.
650 1 7 _aEspañol
_xEtimología
_vManuales.
_2LEMB
650 2 7 _aEspañol
_xVocabulario.
_2LEMB
650 2 7 _aEspañol
_vDiccionarios.
_2LEMB
650 2 7 _aLexicología
_vManuales.
_2LEMB
999 _c3564
_d3564